000 01057cab a2200217 4500
001 ABS43918
008 090401t1990 xxu||||| |||| 00| 0 eng d
035 _a(Sirsi) u44279
041 _aeng
100 _aStrobech, Chr
245 _aPolyurethane adhesives
260 _c1990
350 _a0
490 _aConstruction & Building Materials
_v4(4) December 1990, 214-217(4)
520 _aThis paper reports on the main types, uses and methods of polyurethane adhesives , concentrating in particular on one-component, moisture curing, solvent-free and the two-component hard types. For the latter, the development of strength and hardness during cure is discussed, and the effects of pot life, application time and pressing time are examined. Safety aspects of the use of polyurethane adhesives are also considered, with particular reference to practice in the Scandinavian countries. (Journal Abstract)
650 _aBONDING
650 _aBUILDING PRODUCTS
690 _aBUILT ENVIRONMENT-BUILDING MATERIALS
942 _n0
948 _c04/03/1997
999 _c28217
_d28217